000 00569nam a2200205Ii 4500
003 JO-AjNU
008 230606s9999||||xx |||||||||||||| ||und||
020 _a978-93-5111-427-7
040 _aJO-AjNU
_beng
_erda
_cJO-AjNU
041 _aeng
050 1 4 _aTC147.2014
100 3 _aLamba,Naresh,
_eauthor
_93999
245 0 0 _aWater Power Engineering
264 3 1 _aNew Delhi:Random pub,2014
300 _a320p
336 _atext
_btxt
_2rdacontent
337 _aunmediated
_bn
_2rdamedia
338 _avolume
_bnc
_2rdacarrier
650 4 _aWater Power Engineering
_94000
999 _aE2083
_c2082
_d2082